000 00844nam a22002777a 4500
001 9392
003 FISKH
005 20260428100313.0
008 251218b cb ||||| |||| 00| 0 eng d
020 _a9780462004631
040 _aFISKH
_beng
_cFISKH
_dFISKH
050 _aPZ7
082 _a599.8
100 _aSutton, Josephine
_eAuthor
245 _aLook at the cats /
_cWritten by Josephine Sutton
260 _aSingapore :
_bMarshall Cavendish International ,
_c2008
300 _a16 pages :
_bphotographs ;
_c16 x 19 cm
490 _aMy pals are here! :
_v3c
505 _aG
520 _aA book with specialized vocabulary with direct picture support about cheetah, leopard, lion and tiger.
521 8 _a350
_bLexile estimate
521 8 _aG
_bRaz-Plus
650 _aAnimals
_vCats
942 _2ddc
_cBK
_n0
999 _c9392
_d9392